000 00599nam a2200229Ia 4500
003 BUBTL
008 151213s9999 xx 000 0 und d
041 _aEnglish
082 _a340/ Is41p/ 1986
100 _aIslam's, Serajul
_95406
245 _aPublic Demands Recovery Acts/
_cSerajul Islam's
250 _a7th
260 _aCalcutta
_bS.C. Sarkar & Sons
_cc1986
300 _a[Lxiv],405p. :
_bill. ; 22 cm.
526 _aLaw
650 _aLaw
650 _a
700 _aSerajul Islam's
_95407
856 _k0
_l0
_yDownload
942 _2ddc
_cBK
999 _c3680
_d3680